Obálka Náhled e-knihy:
Epub
Pro půjčování e-knih musíte být přihlášeni.
Jak si půjčit online?

Geniální potraviny : jídlem proti špatné náladě, únavě, mozkové mlze a demenci /

Optimalizace funkcí mozku s minimalizací rizika rozvoje demence pomocí vhodných potravin.

Uloženo v:
Hlavní autor: Lugavere, Max, 1982- (Autor)
Další autoři: Grewal, Paul, 1982- (Autor), Mirovská, Helena, 1979- (Autor)
Médium: E-kniha
Jazyk:Czech
Vydáno: V Brně : Jan Melvil Publishing, 2023
Vydání:Vydání první
Edice:Žádná velká věda
Témata:
On-line přístup:Plný text PDF (Bookport)
Plný text - pro registrované uživatele NK ČR
Tagy:
Žádné tagy
LEADER 02875nam a2200673 i 4500
001 311848
003 CZ PrSKC
005 20260601215712.0
007 ta
008 230203s2023 xr a e f 001 0 cze
015 |a cnb003499133 
020 |a 9788075551795  |q (brožováno) 
035 |a (OCoLC)1372329468 
040 |a OLA001  |b cze  |d ABA001  |e rda 
041 1 |a cze  |h eng 
072 7 |a 613  |x Hygiena. Lidské zdraví  |2 Konspekt 
080 |a 612.39  |2 MRF 
080 |a 613.2  |2 MRF 
080 |a 612.392/.398  |2 MRF 
080 |a 613.26/.29  |2 MRF 
080 |a 616  |2 MRF 
080 |a 612.82  |2 MRF 
080 |a 613  |2 MRF 
080 |a (0.062)  |2 MRF 
100 1 |a Lugavere, Max,  |d 1982-  |7 ola20231177631  |4 aut 
240 1 0 |a Genius foods.  |l Česky 
245 1 0 |a Geniální potraviny :  |b jídlem proti špatné náladě, únavě, mozkové mlze a demenci /  |c Max Lugavere & Paul Grewal ; překlad Helena Mirovská 
250 |a Vydání první 
264 1 |a V Brně :  |b Jan Melvil Publishing,  |c 2023 
300 |a 432 stran :  |b ilustrace ;  |c 22 cm 
336 |a text  |b txt  |2 rdacontent 
337 |a bez média  |b n  |2 rdamedia 
338 |a svazek  |b nc  |2 rdacarrier 
490 1 |a Žádná velká věda 
500 |a Přeloženo z angličtiny 
504 |a Obsahuje bibliografické odkazy a rejstřík 
520 2 |a Optimalizace funkcí mozku s minimalizací rizika rozvoje demence pomocí vhodných potravin. 
650 0 7 |a výživa člověka  |7 ph127487  |2 czenas 
650 0 7 |a racionální výživa  |7 ph124968  |2 czenas 
650 0 7 |a potraviny  |7 ph115833  |x zdravotní aspekty  |2 czenas 
650 0 7 |a mozek  |7 ph123008  |2 czenas 
650 0 7 |a zdravý životní styl  |7 ph127592  |2 czenas 
650 0 9 |a human nutrition  |2 eczenas 
650 0 9 |a rational nutrition  |2 eczenas 
650 0 9 |a foodstuffs  |x health aspects  |2 eczenas 
650 0 9 |a brain  |2 eczenas 
650 0 9 |a healthy lifestyle  |2 eczenas 
655 7 |a populárně-naučné publikace  |7 fd131864  |2 czenas 
655 9 |a popular works  |2 eczenas 
700 1 |a Grewal, Paul,  |d 1982-  |7 ola20231177635  |4 aut 
700 1 |a Mirovská, Helena,  |d 1979-  |7 xx0165974  |4 aut 
830 0 |a Žádná velká věda 
856 4 0 |u https://www.bookport.cz/kniha/genialni-potraviny-11367/  |y Plný text PDF (Bookport)  |4 N 
856 4 1 |u https://www.bookport.cz/AccountSaml/SignIn/?idp=https%3A%2F%2Fshibboleth.nkp.cz%2Fidp%2Fshibboleth&returnUrl=/kniha/genialni-potraviny-11367/  |y Plný text - pro registrované uživatele NK ČR  |4 N 
900 |a ABA001  |b 20 
044 |a xr 
910 |a RBIT002 
998 |d 368059  |a https://core.palmknihy.cz/api/books/368059/cover?rq0pdx  |b https://core.palmknihy.cz/api/books/368059/cover/400?rq0pdx  |c https://core.palmknihy.cz/api/books/368059/cover/50?rq0pdx  |e   |g 432  |i 9788075551795  |j https://core.palmknihy.cz/api/books/368059/preview.epub  |l   |q 49  |r 1  |s https://www.palmknihy.cz/kniha/368059  |t ebook  |y 2023  |z 0 
999 |d 311846